• 首页
  • 本馆介绍
  • 公告通知
  • 最新文献
  • 馆藏检索
  • 电子资源
  • 读者导购
  • 参考咨询
  • 我的图书馆
  • 登录
  • 详细信息显示
  • 放入我的书架
  • 预约/预借图书
  • 作者相关作品
  • 分类相关作品
  • 丛书相关作品
  • 出版社相关作品

书目信息

  • 表格格式
  • 工作单格式
  • 卡片格式
题名:
SQL Server 2014从零开始学
    
 
作者: 王英英 编著
分册:  
出版信息: 北京   清华大学出版社  2016.11
页数: 447页
开本: 26cm
丛书名:
单 册:
中图分类: TP311.132.3
科图分类:
主题词: 关系数据库系统--guan xi shu ju ku xi tong
电子资源:
ISBN: 978-7-302-44870-9
000 01066nam0 2200229 450
001 3208
005 20161208111307.84
010    @a978-7-302-44870-9@dCNY79.00
100    @a20161026d2016 em y0chiy0121 ea
101 0  @achi
102    @aCN@b110000
105    @aak z 000yy
200 1  @aSQL Server 2014从零开始学@f王英英编著@ASQL Server 2014cong ling kai shi xue
210    @a北京@c清华大学出版社@d2016.11
215    @a447页@c图@d26cm
330    @a本书面向SQL Server 2014初学者, 以及广大数据库设计爱好者。循序渐进地介绍了SQL Server 2014数据库应用与开发的相关基础知识。提供了大量具体操作SQL Server 2014数据库的示例, 供读者实践。每节都清晰阐述了代码如何工作及作用, 使读者能在最短的时间内有效的掌握SQL Server 2014。本书附带一张DVD光盘, 内容与本书完全配套的多媒体教学视频和本书涉及到的源代码。
333    @a本书适合SQL Server 2014数据库初学者阅读
606 0  @a关系数据库系统@Aguan xi shu ju ku xi tong
690    @aTP311.132.3@v5
701  0 @a王英英@4编著@Awang ying ying
801  0 @aCN@b大连网信软件有限公司图书馆·11@c20161208
905    @aZUCC@dTP311.132.3@e1044
    
    SQL Server 2014从零开始学/王英英编著.-北京:清华大学出版社,2016.11
    447页:图;26cm
    使用对象:本书适合SQL Server 2014数据库初学者阅读
    
    ISBN 978-7-302-44870-9:CNY79.00
    本书面向SQL Server 2014初学者, 以及广大数据库设计爱好者。循序渐进地介绍了SQL Server 2014数据库应用与开发的相关基础知识。提供了大量具体操作SQL Server 2014数据库的示例, 供读者实践。每节都清晰阐述了代码如何工作及作用, 使读者能在最短的时间内有效的掌握SQL Server 2014。本书附带一张DVD光盘, 内容与本书完全配套的多媒体教学视频和本书涉及到的源代码。
●
相关链接 在E读中查询图书 在五车中查询图书 在当当中查询图书 在豆瓣中查询图书


正题名:SQL Server 2014从零开始学     索取号:TP311.132.3/1044         预约/预借

序号 登录号 条形码 馆藏地/架位号 状态 备注
1 912766   209127666   第二样本阅览室/ [索取号:TP311.132.3/1044] 在馆    
2 912767   209127675   密集书库—计算机科学学院/ [索取号:TP311.132.3/1044] 在馆    
3 912768   209127684   第三借阅区/ [索取号:TP311.132.3/1044] 在馆    
唐山师范学院图书馆 欢迎您!
大连网信软件有限公司© 版权所有